<?xml version="1.0" encoding="UTF-8"?><marc:collection xmlns:marc="http://www.loc.gov/MARC21/slim">
  <marc:record>
    <marc:leader>00000nam##2200000za#4500</marc:leader>
    <marc:controlfield tag="001">9.614550</marc:controlfield>
    <marc:controlfield tag="003">CaOODSP</marc:controlfield>
    <marc:controlfield tag="005">20211126112847</marc:controlfield>
    <marc:controlfield tag="007">ta</marc:controlfield>
    <marc:controlfield tag="008">150406|1998||||xxc|||||     f|0| 0 eng|d</marc:controlfield>
    <marc:datafield tag="020" ind1=" " ind2=" ">
      <marc:subfield code="a">0-662-27166-1</marc:subfield>
    </marc:datafield>
    <marc:datafield tag="022" ind1=" " ind2=" ">
      <marc:subfield code="a">1192-5434</marc:subfield>
    </marc:datafield>
    <marc:datafield tag="040" ind1=" " ind2=" ">
      <marc:subfield code="a">CaOODSP</marc:subfield>
      <marc:subfield code="b">eng</marc:subfield>
    </marc:datafield>
    <marc:datafield tag="043" ind1=" " ind2=" ">
      <marc:subfield code="a">n-cn---</marc:subfield>
    </marc:datafield>
    <marc:datafield tag="086" ind1="1" ind2=" ">
      <marc:subfield code="a">FB3-2/98-14E</marc:subfield>
    </marc:datafield>
    <marc:datafield tag="110" ind1="2" ind2=" ">
      <marc:subfield code="a">Bank of Canada.</marc:subfield>
    </marc:datafield>
    <marc:datafield tag="245" ind1="1" ind2="0">
      <marc:subfield code="a">Non-linearities in the output-inflation relationship : </marc:subfield>
      <marc:subfield code="b">some empirical results for Canada / </marc:subfield>
      <marc:subfield code="c">by Chantal Dupasquier and Nicholas Ricketts. </marc:subfield>
    </marc:datafield>
    <marc:datafield tag="260" ind1=" " ind2=" ">
      <marc:subfield code="a">Ottawa - Ontario : </marc:subfield>
      <marc:subfield code="b">Bank of Canada </marc:subfield>
      <marc:subfield code="c">1998.</marc:subfield>
    </marc:datafield>
    <marc:datafield tag="300" ind1=" " ind2=" ">
      <marc:subfield code="a">22p. : </marc:subfield>
      <marc:subfield code="b">graphs, references, tables ; </marc:subfield>
      <marc:subfield code="c">28 cm.</marc:subfield>
    </marc:datafield>
    <marc:datafield tag="490" ind1="1" ind2=" ">
      <marc:subfield code="a">Working paper</marc:subfield>
      <marc:subfield code="x">1192-5434</marc:subfield>
      <marc:subfield code="v">98-14</marc:subfield>
    </marc:datafield>
    <marc:datafield tag="500" ind1=" " ind2=" ">
      <marc:subfield code="a">"This paper analyzes the short-run dynamic process of inflation in Canada and examines whether a systematic variation in the relationship between inflation and output can be detected over time.... Evidence for four different types of asymmetry is presented in the context of shot-run Phillips curves estimated in a state-space framework. The results suggest that there is significant time variation in the trade-off in Canada, but that it is difficult to distinguish definitively among the possible models generating the non-linearity."--Abstract.</marc:subfield>
    </marc:datafield>
    <marc:datafield tag="520" ind1="3" ind2=" ">
      <marc:subfield code="a">This paper analyzes the short-run dynamic process of inflation in Canada and examines whether a systematic variation in the relationship between inflation and output can be detected over time.... Evidence for four different types of asymmetry is presented in the context of shot-run Phillips curves estimated in a state-space framework. The results suggest that there is significant time variation in the trade-off in Canada, but that it is difficult to distinguish definitively among the possible models generating the non-linearity.--Abstract</marc:subfield>
    </marc:datafield>
    <marc:datafield tag="546" ind1=" " ind2=" ">
      <marc:subfield code="a">Résumés en français</marc:subfield>
    </marc:datafield>
    <marc:datafield tag="563" ind1=" " ind2=" ">
      <marc:subfield code="a">Softcover</marc:subfield>
    </marc:datafield>
    <marc:datafield tag="590" ind1=" " ind2=" ">
      <marc:subfield code="a">98-36</marc:subfield>
      <marc:subfield code="b">1998-09-04</marc:subfield>
    </marc:datafield>
    <marc:datafield tag="720" ind1="1" ind2=" ">
      <marc:subfield code="a">Ricketts, Nicholas</marc:subfield>
    </marc:datafield>
    <marc:datafield tag="720" ind1="1" ind2=" ">
      <marc:subfield code="a">Dupasquier, Chantal</marc:subfield>
    </marc:datafield>
    <marc:datafield tag="776" ind1="0" ind2="#">
      <marc:subfield code="t">Non-linearities in the output-inflation relationship : </marc:subfield>
      <marc:subfield code="w">(CaOODSP)9.571677</marc:subfield>
    </marc:datafield>
    <marc:datafield tag="830" ind1="#" ind2="0">
      <marc:subfield code="a">Working paper,</marc:subfield>
      <marc:subfield code="x">1192-5434</marc:subfield>
      <marc:subfield code="v">98-14</marc:subfield>
      <marc:subfield code="w">(CaOODSP)9.514622</marc:subfield>
    </marc:datafield>
  </marc:record>
</marc:collection>
